| 000 | 00682nam a2200229 u 4500 | ||
|---|---|---|---|
| 005 | 20241012064112.0 | ||
| 008 | 160727s2010 ag r 000 0 spa d | ||
| 020 | _a9789501106343 | ||
| 035 | _aUPN01000211940 | ||
| 049 | _aI | ||
| 050 | 4 |
_aQA141.15 _bA4.2 |
|
| 100 | 1 |
_aAlbert, Vanessa _932689 |
|
| 245 | 1 | 4 |
_aLas cuentas del osito / _cVanessa Albert. |
| 260 |
_aBuenos Aires : _bSigmar, _c2010. |
||
| 300 |
_a[11] p. : _bil. col. |
||
| 440 | 0 | _aTernura | |
| 650 | 4 |
_aNúmero (Concepto matemático) _xEstudio y enseñanza (Preescolar) _99083 |
|
| 650 | 4 |
_aJuegos educativos _93952 |
|
| 650 | 4 |
_aLibros y lectura para niños _92290 |
|
| 905 | _aInfantil | ||
| 999 |
_c184041 _d184041 |
||